书目信息 |
| 题名: |
常用中草药显微结构鉴别彩色图谱
|
|
| 作者: | 王玉良 , 王桂芹 著 ;张倩 译 | |
| 分册: | ||
| 出版信息: | 合肥 合肥工业大学出版社 2012.5 |
|
| 页数: | 215页 | |
| 开本: | 30cm | |
| 丛书名: | ||
| 单 册: | ||
| 中图分类: | R282.5-64 | |
| 科图分类: | ||
| 主题词: | 中草药--zhong cao yao--显微结构--图解 | |
| 电子资源: | ||
| ISBN: | 978-7-5650-0471-1 | |
| 000 | 01499nam0 2200313 45 | |
| 001 | 1354543874 | |
| 005 | 20130510094203.56 | |
| 010 | @a978-7-5650-0471-1@b精装@dCNY260.00 | |
| 100 | @a20130108d2012 em y0chiy0121 ea | |
| 101 | 2 | @achi@aeng |
| 102 | @aCN@b340000 | |
| 105 | @aa a 001yy | |
| 106 | @ar | |
| 200 | 1 | @a常用中草药显微结构鉴别彩色图谱@AChang Yong Zhong Cao Yao Xian Wei Jie Gou Jian Bie Cai Se Tu Pu@e中草药显微结构鉴别彩色图谱@EZhong Cao Yao Xian Wei Jie Gou Jian Bie Cai Se Tu Pu@dColour atlas of common Chinese herbs microstructure identification@f王桂芹, 王玉良著@FWang Gui Qin , Wang Yu Liang Zhu@g张倩译@zeng |
| 210 | @a合肥@c合肥工业大学出版社@d2012.5 | |
| 215 | @a215页@c彩图@d30cm | |
| 300 | @a汉英对照 | |
| 300 | @a“十二五”国家重点图书 | |
| 320 | @a有书目 (第213-215页) 和索引 | |
| 330 | @a本书对91种常用中草药进行显微鉴别, 突出鉴别药用植物的药用部位显微结构和后含物的特征。全书以显微结构彩图表达为主, 对其结构和鉴别要点等辅以少量文字说明。本书含插图570幅, 其中显微结构彩图544幅, 生境实物彩图26幅。 | |
| 510 | 1 | @aColour atlas of common Chinese herbs microstructure identification@zeng |
| 517 | 1 | @a中草药显微结构鉴别彩色图谱@AZhong Cao Yao Xian Wei Jie Gou Jian Bie Cai Se Tu Pu |
| 606 | 0 | @a中草药@Azhong cao yao@x显微结构@j图解 |
| 690 | @aR282.5-64@v5 | |
| 701 | 0 | @a王玉良@AWang Yu Liang@4著 |
| 701 | 0 | @a王桂芹@AWang Gui Qin@4著 |
| 702 | 0 | @a张倩@AZhang Qian@4译 |
| 801 | @aCN@bTANGWEI@c20130109 | |
| 905 | @b0830773-75@dR282.5-64@e298@f3 | |
| 常用中草药显微结构鉴别彩色图谱:中草药显微结构鉴别彩色图谱=Colour atlas of common Chinese herbs microstructure identification/王桂芹, 王玉良著/张倩译.-合肥:合肥工业大学出版社,2012.5 |
| 215页:彩图;30cm |
| 汉英对照.-“十二五”国家重点图书 |
| ISBN 978-7-5650-0471-1(精装):CNY260.00 |
| 本书对91种常用中草药进行显微鉴别, 突出鉴别药用植物的药用部位显微结构和后含物的特征。全书以显微结构彩图表达为主, 对其结构和鉴别要点等辅以少量文字说明。本书含插图570幅, 其中显微结构彩图544幅, 生境实物彩图26幅。 |
| ● |
| 相关链接 |
|
|
|
|
正题名:常用中草药显微结构鉴别彩色图谱
索取号:R282.5-64/298
 
预约/预借
| 序号 | 登录号 | 条形码 | 馆藏地/架位号 | 状态 | 备注 |
| 1 | 0830773 | 208307731 | 第二样本阅览室/ [索取号:R282.5-64/298] | 在馆 | |
| 2 | 0830774 | 208307740 | 第三借阅区/ [索取号:R282.5-64/298] | 在馆 | |
| 3 | 0830775 | 208307759 | 第三借阅区/ [索取号:R282.5-64/298] | 在馆 |